Statistiken für Das grosse Nudelquiz

Klicken Sie hier um das Quiz zu spielen!

Allgemein

  • Dieses Quiz wurde 308 mal gespielt
  • Das Durchschnittsergebnis liegt bei 9 aus 13

Antwortstatistiken

Antwort% Korrekt
Spaghetti
100%
Lasagneplatten
89%
Buchstabennudeln
86%
Penne
84%
Fusilli
80%
Tortellini
79%
Makkaroni
77%
Farfalle
75%
Gnocchi
73%
Tagliatelle
55%
Tortiglioni
48%
Cornetti
31%
Conchiglie
4%

Verteilung der Resultate

Perzentil nach korrekt beantworteten Fragen

Anzahl Personen mit jedem Resultat

Ihre Resultats-Entwicklung

Sie haben dieses Quiz noch nicht gespielt